00828cam a2200217 i 4500008004100000020002500041245013600066260005500202300003400257490003100291504004100322500002000363650006700383650005000450651004300500700002100543700001900564003000100583005001700584040000900601  a9781137379245 (hbk.)00aBeyond macroeconomic stability :bstructural transformation and inclusive development /cedited by Iyanatul Islam and David Kucera. aBasingstoke :bInternational Labour Office,c2013. axiv, 342 p. :bill. ;c23 cm.0 aAdvances in labour studies aIncludes bibliographical references. aIncludes index. 0aStructural adjustment (Economic policy)zDeveloping countries. 0aEconomic stabilizationzDeveloping countries. 0aDeveloping countriesxEconomic policy.1 aIslam, Iyanatul.1 aKucera, David.20230123122117.0 cNUST